[Event "C.to Provinciale GE"]
[Site "Genova ITA"]
[Date "2015.02.05"]
[Round "4"]
[White "Saiano, Franco"]
[Black "Tripi, Nicolo'"]
[WhiteElo "1729"]
[BlackElo "1871"]
[Result "0-1"]
[PlyCount "72"]
[EventDate "2015.01.15"]

1. e4 c5 2. Nf3 d6 3. d4 cxd4 4. Nxd4 Nf6 5. Nc3 Nc6 6. a3 g6 7. Bb5 Bd7 8.
Nxc6 bxc6 9. Bc4 Bg7 10. O-O O-O 11. f3 Be6 12. Bxe6 fxe6 13. Ne2 e5 14. c3
Qb6+ 15. Kh1 d5 16. exd5 cxd5 17. Qa4 a5 18. Ng3 e4 19. Qd4 Qxd4 20. cxd4 exf3
21. gxf3 Nd7 22. Be3 a4 23. Ne2 Nb6 24. Bg5 e5 25. Rad1 Rac8 26. Be7 Rfe8 27.
Bc5 Nc4 28. Rfe1 Nxb2 29. Rd2 Nc4 30. Rdd1 exd4 31. Bb4 Ne3 32. Rc1 Nc2 33. Nf4
Nxe1 34. Rxe1 Rxe1+ 35. Bxe1 Rc1 36. Nd3 Rd1 0-1

[Event "C.to Provinciale GE"]
[Site "Genova ITA"]
[Date "2015.02.05"]
[Round "4"]
[White "Serapiglia, Roberto"]
[Black "Manfredi, Vincenzo"]
[WhiteElo "1897"]
[BlackElo "2246"]
[Result "0-1"]
[PlyCount "106"]
[EventDate "2015.01.15"]

1. e4 c5 2. Nf3 Nc6 3. d3 e6 4. g3 d5 5. Nbd2 Nf6 6. Bg2 Be7 7. O-O h5 8. Re1
Kf8 9. e5 Ng4 10. h3 Nh6 11. Nf1 Kg8 12. h4 Nf5 13. c3 b6 14. Bf4 Bb7 15. Qe2
Qd7 16. Rad1 d4 17. c4 Bd8 18. a3 a5 19. N1d2 Bc7 20. Ne4 Nfe7 21. Neg5 Ng6 22.
Bh3 Re8 23. Kh2 a4 24. Rg1 Re7 25. Rde1 Kf8 26. Qd1 Ke8 27. Qe2 Kd8 28. Bg2 Kc8
29. Nh3 Kb8 30. Rb1 Na5 31. Nd2 Bxg2 32. Rxg2 Qc6 33. Bg5 Rd7 34. f4 Ka7 35.
Re1 Bb8 36. Ne4 Rb7 37. Ng1 Bc7 38. Nf3 Rbb8 39. Nfd2 Rbe8 40. Rgg1 Nf8 41. Rb1
Nd7 42. b4 axb3 43. Nxb3 Nxb3 44. Rxb3 Kb7 45. Rb5 Rhf8 46. Rgb1 f6 47. exf6
gxf6 48. Bh6 Rg8 49. Qxh5 f5 50. Nd2 e5 51. Qxf5 exf4 52. Bxf4 Re2+ 53. Kh3
Qg2# 0-1

[Event "C.to Provinciale GE"]
[Site "Genova ITA"]
[Date "2015.02.05"]
[Round "4"]
[White "Silvestri, Giuseppe"]
[Black "Traverso, Massimiliano"]
[WhiteElo "1877"]
[BlackElo "1953"]
[Result "1-0"]
[PlyCount "85"]
[EventDate "2015.01.15"]

1. d4 Nf6 2. c4 e6 3. Nf3 d5 4. Nc3 Be7 5. Bg5 O-O 6. e3 Nbd7 7. Bd3 b6 8. O-O
Bb7 9. Rc1 c5 10. cxd5 exd5 11. Bf5 Re8 12. h3 g6 13. Bd3 Ne4 14. Bf4 Bf6 15.
Nb5 Re7 16. Nd6 Bc6 17. b4 c4 18. Bxe4 dxe4 19. Nh2 b5 20. d5 Ne5 21. dxc6 Nd3
22. Nxb5 Qb6 23. Nc7 Rd8 24. Ng4 Bg7 25. Rxc4 Rxc7 26. Bxc7 Qxc7 27. Qc2 h5 28.
Nh2 f5 29. Rd1 Rb8 30. Rxd3 exd3 31. Qxd3 Rd8 32. Qc2 Rc8 33. Nf3 a6 34. Qd3
Rd8 35. Nd4 Rd6 36. Qc2 f4 37. b5 fxe3 38. fxe3 Bxd4 39. Rxd4 Re6 40. Qc4 Qe5
41. c7 Qxe3+ 42. Kh2 Qe5+ 43. Rf4 1-0

[Event "C.to Provinciale GE"]
[Site "Genova ITA"]
[Date "2015.02.05"]
[Round "4"]
[White "Virgilio, Gianluca"]
[Black "Caputi, Giuliano"]
[WhiteElo "1823"]
[BlackElo "1889"]
[Result "0-1"]
[PlyCount "46"]
[EventDate "2015.01.15"]

1. d4 d5 2. Nf3 c6 3. e3 e6 4. Nbd2 Bd6 5. Bd3 f5 6. O-O Nf6 7. c4 O-O 8. Qa4
Qe7 9. c5 Bc7 10. b4 Ne4 11. Bb2 g5 12. Qc2 Nd7 13. a4 g4 14. Ne5 Qg5 15. Nxd7
Bxd7 16. Nxe4 fxe4 17. Be2 Rf5 18. g3 Raf8 19. Qd1 h5 20. h4 gxh3 21. Kh2 Rxf2+
22. Kh1 Rh2+ 23. Kxh2 Qxg3+ 0-1

[Event "C.to Provinciale GE"]
[Site "Genova ITA"]
[Date "2015.02.12"]
[Round "5"]
[White "Baggiani, Fabio"]
[Black "Dordoni, Riccardo"]
[WhiteElo "1782"]
[BlackElo "1574"]
[Result "1-0"]
[PlyCount "95"]
[EventDate "2015.01.15"]

1. f4 d5 2. Nf3 Nf6 3. e3 g6 4. Be2 Bg7 5. O-O O-O 6. d3 c5 7. Nc3 d4 8. Ne4
Nd5 9. Nxc5 dxe3 10. g3 Bh3 11. Re1 Bc3 12. Ng5 Bxe1 13. Qxe1 Bc8 14. c4 Qb6
15. Nb3 Nb4 16. Qd1 Bf5 17. c5 Qd8 18. Bxe3 Bxd3 19. a3 Bxe2 20. Qxe2 Qd3 21.
Qxd3 Nxd3 22. Bd4 Nc6 23. Rd1 Nxd4 24. Rxd3 Nxb3 25. Rxb3 Rab8 26. Rc3 a5 27.
b4 axb4 28. axb4 Rfc8 29. Nf3 f6 30. Kf2 b5 31. Ke3 Ra8 32. Nd4 Ra4 33. Rb3 e5
34. fxe5 fxe5 35. Nf3 e4 36. Nd4 Ra2 37. Nxb5 Rxh2 38. Nd6 Rh3 39. Kxe4 Rc7 40.
Kd5 h5 41. b5 h4 42. b6 Rxc5+ 43. Kxc5 Rxg3 44. Rb1 h3 45. b7 h2 46. b8=Q+ Kh7
47. Qc7+ Kg8 48. Rb8# 1-0

[Event "C.to Provinciale GE"]
[Site "Genova ITA"]
[Date "2015.02.12"]
[Round "5"]
[White "Bertone, Carmelo"]
[Black "Rivara, Massimo"]
[WhiteElo "1492"]
[BlackElo "1760"]
[Result "0-1"]
[PlyCount "49"]
[EventDate "2015.01.15"]

1. e4 c5 2. Nf3 d6 3. Bc4 e6 4. Nc3 Nf6 5. d3 Be7 6. O-O O-O 7. a3 a6 8. Bd2 b5
9. Ba2 Bb7 10. Re1 Re8 11. Ne2 Nbd7 12. c4 bxc4 13. Bxc4 d5 14. exd5 Nxd5 15.
Nf4 N7f6 16. Qb3 Rb8 17. Qa2 Bd6 18. Nxd5 Nxd5 19. Rac1 Qf6 20. b3 Nf4 21. Bxf4
Bxf4 22. Nd2 Qg5 23. Ne4 Bxe4 24. dxe4 Bxc1 25. Rxc1 0-1

[Event "C.to Provinciale GE"]
[Site "Genova ITA"]
[Date "2015.02.12"]
[Round "5"]
[White "Caputi, Giuliano"]
[Black "Algeri, Lorenzo"]
[WhiteElo "1889"]
[BlackElo "1855"]
[Result "1-0"]
[PlyCount "119"]
[EventDate "2015.01.15"]

1. e4 e5 2. Nf3 Nc6 3. Bb5 a6 4. Bxc6 dxc6 5. O-O Bg4 6. h3 h5 7. d3 Qf6 8.
Nbd2 Bc5 9. Nc4 Bd6 10. Be3 Ne7 11. Ncd2 g5 12. Re1 O-O-O 13. hxg4 Qg6 14. Nh2
Rh7 15. Nc4 Rdh8 16. Nxd6+ cxd6 17. f3 d5 18. c3 hxg4 19. Nxg4 f5 20. exf5 Nxf5
21. Kf2 d4 22. cxd4 exd4 23. Bd2 Qh5 24. Qb3 Qh4+ 25. Ke2 Re7+ 26. Kd1 Rhe8 27.
Rxe7 Rxe7 28. Kc2 Ne3+ 29. Nxe3 dxe3 30. Be1 Qf4 31. Rc1 Kc7 32. Kb1 Qh2 33.
Qb4 Re5 34. Qg4 Qh7 35. Bg3 Qxd3+ 36. Ka1 Kd6 37. Bxe5+ Kxe5 38. Qe4+ Qxe4 39.
fxe4 Kxe4 40. Kb1 Kd3 41. Rd1+ Ke2 42. Kc2 g4 43. g3 c5 44. Rh1 c4 45. Rh2+ Kf3
46. Kd1 Kxg3 47. Rc2 Kf3 48. Rxc4 g3 49. Rc7 g2 50. Rf7+ Kg3 51. Ke2 Kh2 52.
Rh7+ Kg3 53. Rxb7 Kh3 54. Rg7 Kh2 55. Kxe3 g1=Q+ 56. Rxg1 Kxg1 57. b4 Kg2 58.
a4 Kg3 59. b5 axb5 60. axb5 1-0

[Event "C.to Provinciale GE"]
[Site "Genova ITA"]
[Date "2015.02.12"]
[Round "5"]
[White "Cirabisi, Federico"]
[Black "Buselli, Claudio"]
[WhiteElo "2035"]
[BlackElo "1627"]
[Result "1-0"]
[PlyCount "83"]
[EventDate "2015.01.15"]

1. e4 c5 2. f4 e6 3. Nf3 Nc6 4. Be2 d6 5. O-O Nf6 6. d3 Be7 7. Qe1 Qc7 8. Qg3
g6 9. c3 Bd7 10. Be3 O-O-O 11. Nbd2 Nh5 12. Qf2 f5 13. b4 Rhf8 14. bxc5 fxe4
15. Nd4 Nxd4 16. cxd4 d5 17. dxe4 dxe4 18. g3 Bc6 19. Bg4 Bd5 20. Rac1 Ng7 21.
Nc4 Bxc4 22. Rxc4 Qc6 23. Rb1 Nf5 24. Rcb4 Rd7 25. Be2 Rc7 26. Bf1 Bf6 27. Bg2
Rd8 28. g4 Nh4 29. g5 Nxg2 30. Qxg2 Bg7 31. a4 Qd5 32. Qb2 Rdd7 33. a5 Rxc5 34.
a6 Rcc7 35. axb7+ Rxb7 36. Kg2 Rxb4 37. Qxb4 Rb7 38. Rc1+ Kb8 39. Qc3 Qd7 40.
f5 exf5 41. Bf4+ Ka8 42. Qc8+ 1-0

[Event "C.to Provinciale GE"]
[Site "Genova ITA"]
[Date "2015.02.12"]
[Round "5"]
[White "Cutaia, Loris"]
[Black "Noberasco, Mario"]
[WhiteElo "1511"]
[BlackElo "1684"]
[Result "1/2-1/2"]
[PlyCount "72"]
[EventDate "2015.01.15"]

1. d4 d5 2. c4 e6 3. Nc3 Nf6 4. Bg5 Be7 5. Nf3 Nbd7 6. e3 c6 7. Bd3 dxc4 8.
Bxc4 b5 9. Bd3 Bb7 10. O-O a6 11. a4 b4 12. Ne4 Nxe4 13. Bxe7 Nxf2 14. Bxd8
Nxd1 15. Rfxd1 Rxd8 16. a5 c5 17. Bc2 Ke7 18. Ng5 h6 19. Be4 Rb8 20. Bxb7 Rxb7
21. Ne4 c4 22. Rac1 Rc8 23. Nd2 c3 24. bxc3 Rxc3 25. Rxc3 bxc3 26. Nf3 Nf6 27.
Kf2 Ne4+ 28. Ke2 Rb2+ 29. Kd3 f5 30. Ne1 Rd2+ 31. Kc4 Rb2 32. Rc1 Ra2 33. Kb4
Kd6 34. Rc2 Rb2+ 35. Ka3 Rxc2 36. Nxc2 Kd5 1/2-1/2

[Event "C.to Provinciale GE"]
[Site "Genova ITA"]
[Date "2015.02.12"]
[Round "5"]
[White "Falcone, Giancarlo"]
[Black "Cardino, Guido"]
[WhiteElo "1854"]
[BlackElo "1626"]
[Result "1-0"]
[PlyCount "84"]
[EventDate "2015.01.15"]

1. e4 c6 2. d4 d5 3. exd5 cxd5 4. c4 Nf6 5. Nc3 e6 6. Nf3 Bb4 7. cxd5 Nxd5 8.
Qc2 Nc6 9. Bd3 Nf6 10. a3 Be7 11. Be3 O-O 12. O-O h6 13. Rad1 Bd7 14. Bc4 Qc7
15. Ba2 Rad8 16. Ne4 Nxe4 17. Qxe4 Rde8 18. Rc1 Qb8 19. Rc3 Bd8 20. Ne5 Nxe5
21. dxe5 f5 22. exf6 Bxf6 23. Rd3 Bb5 24. Rb3 Bc6 25. Qg6 Bd5 26. Bxh6 Bxb3 27.
Bxb3 Re7 28. Be3 Rc8 29. Re1 Qe5 30. Bc2 Rec7 31. Bd2 Qd5 32. Qh7+ Kf8 33. Bb4+
Be7 34. Bxe7+ Rxe7 35. Qh8+ Kf7 36. Qxc8 Rd7 37. Qc3 Qd6 38. Bb3 Re7 39. g3 a6
40. Qf3+ Ke8 41. Qh5+ Kf8 42. Qg6 e5 1-0

[Event "C.to Provinciale GE"]
[Site "Genova ITA"]
[Date "2015.02.12"]
[Round "5"]
[White "Manfredi, Vincenzo"]
[Black "Tripi, Nicolo'"]
[WhiteElo "2246"]
[BlackElo "1871"]
[Result "1-0"]
[PlyCount "49"]
[EventDate "2015.01.15"]

1. g3 c5 2. Bg2 Nc6 3. d3 d5 4. h4 e5 5. Nc3 Be6 6. Nf3 h6 7. O-O Nf6 8. e4 d4
9. Nd5 Nxd5 10. exd5 Qxd5 11. Ng5 Qd7 12. Nxe6 Qxe6 13. Re1 Be7 14. Qh5 g6 15.
Qe2 O-O-O 16. a3 f5 17. Bd2 e4 18. dxe4 d3 19. cxd3 Nd4 20. Qd1 fxe4 21. Rxe4
Qf6 22. Rf4 Qe6 23. Qa4 Ne2+ 24. Kh2 Nxf4 25. Bxf4 1-0

[Event "C.to Provinciale GE"]
[Site "Genova ITA"]
[Date "2015.02.12"]
[Round "5"]
[White "Milieni, Fabrizio"]
[Black "Virgilio, Gianluca"]
[WhiteElo "1654"]
[BlackElo "1823"]
[Result "0-1"]
[PlyCount "44"]
[EventDate "2015.01.15"]

1. c4 c5 2. Nc3 g6 3. g3 Bg7 4. Bg2 Nc6 5. Nf3 b6 6. O-O Bb7 7. Rb1 e6 8. e3 d5
9. d4 Nge7 10. dxc5 bxc5 11. cxd5 exd5 12. a3 Rc8 13. Qc2 O-O 14. Rd1 Na5 15.
Nxd5 Bxd5 16. e4 Bb3 17. Rxd8 Bxc2 18. Rxf8+ Kxf8 19. Nd2 Bxb1 20. Nxb1 Nb3 21.
Be3 Bxb2 22. f4 c4 0-1

[Event "C.to Provinciale GE"]
[Site "Genova ITA"]
[Date "2015.02.12"]
[Round "5"]
[White "Nosengo, Piero"]
[Black "Mereta, Carlo"]
[WhiteElo "1625"]
[BlackElo "1593"]
[Result "1/2-1/2"]
[PlyCount "48"]
[EventDate "2015.01.15"]

1. e4 e6 2. d4 d5 3. Nc3 Nf6 4. e5 Nfd7 5. f4 c5 6. Nf3 Nc6 7. Be3 Be7 8. Be2
O-O 9. O-O c4 10. Ng5 h6 11. Nh3 f5 12. g4 Qe8 13. gxf5 exf5 14. Nxd5 Bd8 15.
Bxc4 Kh8 16. Qf3 Nb6 17. Nxb6 Bxb6 18. Ng5 Nxd4 19. Bxd4 Bxd4+ 20. Kh1 Bd7 21.
Bd5 Bc6 22. c3 Bb6 23. Bxc6 bxc6 24. Nh3 Qe6 1/2-1/2

[Event "C.to Provinciale GE"]
[Site "Genova ITA"]
[Date "2015.02.12"]
[Round "5"]
[White "Saiano, Franco"]
[Black "Mandolini, Alessandro"]
[WhiteElo "1729"]
[BlackElo "1716"]
[Result "1/2-1/2"]
[PlyCount "57"]
[EventDate "2015.01.15"]

1. e4 d6 2. d4 Nf6 3. Nc3 Nbd7 4. Nf3 e5 5. Bc4 Be7 6. O-O O-O 7. Re1 c6 8. a4
a5 9. h3 Qc7 10. Bg5 exd4 11. Nxd4 Nc5 12. Qf3 Ne6 13. Nxe6 Bxe6 14. Bxe6 fxe6
15. Qe3 e5 16. Rad1 Rad8 17. f3 b6 18. Bxf6 Rxf6 19. Qd3 Rg6 20. Qc4+ Kh8 21.
Nd5 Qd7 22. Nxe7 Qxe7 23. Qxc6 Qe6 24. Qxb6 Rc8 25. Kh2 Rxc2 26. Qb8+ Rc8 27.
Qb7 Rc2 28. Qb8+ Rc8 29. Qb7 1/2-1/2

[Event "C.to Provinciale GE"]
[Site "Genova ITA"]
[Date "2015.02.12"]
[Round "5"]
[White "Silvestri, Giuseppe"]
[Black "Brun, Dario"]
[WhiteElo "1877"]
[BlackElo "2244"]
[Result "0-1"]
[PlyCount "92"]
[EventDate "2015.01.15"]

1. c4 Nf6 2. Nc3 e6 3. e4 d5 4. cxd5 exd5 5. exd5 Nxd5 6. Qb3 Nb6 7. Bb5+ c6 8.
Be2 Be7 9. Nf3 O-O 10. O-O a5 11. d4 Be6 12. Qc2 Na6 13. Bxa6 Rxa6 14. Be3 Nd5
15. Nxd5 Qxd5 16. h3 Bxh3 17. Qb3 Qxb3 18. axb3 Be6 19. Bd2 Rfa8 20. Rfe1 Bb4
21. Bxb4 axb4 22. Rxa6 Rxa6 23. Ng5 Ra2 24. Nxe6 fxe6 25. Rxe6 Rxb2 26. Re3 Kf7
27. Rd3 Rb1+ 28. Kh2 Rc1 29. Kg3 Rc3 30. Re3 b6 31. Kf3 Rxe3+ 32. Kxe3 Ke6 33.
Ke4 Kd6 34. g4 Ke6 35. d5+ cxd5+ 36. Kd4 Kd6 37. f4 Kc6 38. Ke3 h6 39. Kd3 Kd6
40. Kd4 Ke6 41. Kd3 g6 42. Kd4 h5 43. f5+ gxf5 44. gxf5+ Kxf5 45. Kd3 Ke5 46.
Ke2 d4 0-1

[Event "C.to Provinciale GE"]
[Site "Genova ITA"]
[Date "2015.02.12"]
[Round "5"]
[White "Traverso, Massimiliano"]
[Black "Serapiglia, Roberto"]
[WhiteElo "1953"]
[BlackElo "1897"]
[Result "1-0"]
[PlyCount "95"]
[EventDate "2015.01.15"]

1. e4 c5 2. Nf3 d6 3. d4 cxd4 4. Nxd4 Nf6 5. Nc3 a6 6. f3 e5 7. Nb3 Be6 8. Be3
Nbd7 9. Qd2 Be7 10. O-O-O b5 11. g4 Nb6 12. Qf2 Nfd7 13. Nd5 Bxd5 14. exd5 Nc4
15. Bxc4 bxc4 16. Nd2 Qc7 17. Ne4 O-O 18. g5 Rab8 19. Qd2 Rb7 20. Nc3 Qa5 21.
Kb1 Rfb8 22. b3 Rc8 23. Ne4 Qc7 24. Ka1 a5 25. Rb1 Ra8 26. h4 Rc8 27. Rbc1 c3
28. Qd3 Rb4 29. a4 Nb6 30. Bxb6 Rxb6 31. Rhe1 Rb4 32. Re3 Qd7 33. Nxc3 Rxh4 34.
Ne4 Bd8 35. Re2 Bb6 36. Rg2 Kh8 37. Qb5 Qd8 38. Qd3 Qe7 39. Kb2 Bd8 40. Rcg1
Bb6 41. Re1 Qc7 42. Ree2 Bd4+ 43. c3 Bb6 44. Rh2 Rxh2 45. Rxh2 f5 46. gxf6 g6
47. Ng5 h5 48. Qxg6 1-0

[Event "C.to Provinciale GE"]
[Site "Genova ITA"]
[Date "2015.02.19"]
[Round "6"]
[White "Algeri, Lorenzo"]
[Black "Falcone, Giancarlo"]
[WhiteElo "1855"]
[BlackElo "1854"]
[Result "1-0"]
[PlyCount "119"]
[EventDate "2015.01.15"]

1. e4 e6 2. d4 d5 3. Nd2 Be7 4. c3 Nf6 5. e5 Nfd7 6. Bd3 c5 7. Ne2 Nc6 8. Nf3
Qb6 9. O-O cxd4 10. cxd4 f6 11. Nf4 Nd8 12. Qd2 fxe5 13. Nxe5 Nxe5 14. dxe5 Nf7
15. Nh5 O-O 16. Qf4 g6 17. Qg3 Qd4 18. Bxg6 Kh8 19. Bxf7 Rxf7 20. Bh6 Bh4 21.
Be3 Qb4 22. Qh3 Bd7 23. a3 Qe4 24. Rfe1 Be7 25. Bg5 Qd4 26. Bf6+ Bxf6 27. Nxf6
Qxb2 28. Rab1 Qd4 29. Rxb7 Raf8 30. Qg3 Be8 31. Rxf7 Bxf7 32. Qe3 Qxe3 33. Rxe3
Rc8 34. f3 a5 35. Rb3 d4 36. Ne4 Bg6 37. Kf1 Rc2 38. Rd3 Ra2 39. Rxd4 Rxa3 40.
Nc5 Bf7 41. Ra4 Rxa4 42. Nxa4 Kg7 43. Ke2 Be8 44. Nc5 Kf7 45. Kd3 Bb5+ 46. Kc3
Ke7 47. Nb7 a4 48. Kb4 Bc6 49. Nc5 Kf7 50. Nxa4 Kg6 51. Nc3 Kf5 52. Kc5 Bxf3
53. gxf3 Kxe5 54. Ne2 Kf5 55. Kd4 h6 56. Ke3 e5 57. Ng3+ Kg6 58. Ke4 Kf6 59.
Nh5+ Ke6 60. Ng7+ 1-0

[Event "C.to Provinciale GE"]
[Site "Genova ITA"]
[Date "2015.02.19"]
[Round "6"]
[White "Brun, Dario"]
[Black "Manfredi, Vincenzo"]
[WhiteElo "2244"]
[BlackElo "2246"]
[Result "1-0"]
[PlyCount "88"]
[EventDate "2015.01.15"]

1. d4 d5 2. Nf3 c5 3. c3 e6 4. e3 Nf6 5. Nbd2 Nc6 6. Bd3 a6 7. O-O Bd6 8. dxc5
Bxc5 9. b4 Ba7 10. Bb2 O-O 11. a3 e5 12. e4 Bg4 13. c4 dxe4 14. Nxe4 Bd4 15.
Bxd4 Nxd4 16. Nxf6+ Qxf6 17. Be2 Rad8 18. Nxd4 Rxd4 19. Qc2 Bf5 20. Qb3 Qg6 21.
Rfe1 Bd3 22. Bxd3 Rxd3 23. Qc2 e4 24. c5 f5 25. a4 Rfd8 26. b5 Qe6 27. c6 bxc6
28. bxc6 Qd6 29. Rab1 Rc8 30. Qc4+ Qd5 31. Qxd5+ Rxd5 32. Rec1 Kf8 33. g3 Rd6
34. Rb6 a5 35. Rb5 g6 36. c7 Ke7 37. Rxa5 Kd7 38. Rac5 Ra6 39. a5 Ra7 40. g4
fxg4 41. Kf1 e3 42. fxe3 Raxc7 43. Rxc7+ Rxc7 44. Rxc7+ Kxc7 1-0

[Event "C.to Provinciale GE"]
[Site "Genova ITA"]
[Date "2015.02.19"]
[Round "6"]
[White "Buselli, Claudio"]
[Black "Mandolini, Alessandro"]
[WhiteElo "1627"]
[BlackElo "1716"]
[Result "0-1"]
[PlyCount "38"]
[EventDate "2015.01.15"]

1. d4 Nf6 2. c4 c5 3. d5 b5 4. cxb5 a6 5. b6 e6 6. Nc3 Bb7 7. e4 Qxb6 8. Bc4
exd5 9. exd5 Be7 10. Qe2 O-O 11. Be3 d6 12. Nf3 Nbd7 13. O-O Rae8 14. h3 Qd8
15. Rfd1 Qa8 16. Rd3 Nb6 17. b3 Nbxd5 18. Bd2 Nxc3 19. Bxc3 d5 0-1

[Event "C.to Provinciale GE"]
[Site "Genova ITA"]
[Date "2015.02.19"]
[Round "6"]
[White "Caputi, Giuliano"]
[Black "Silvestri, Giuseppe"]
[WhiteElo "1889"]
[BlackElo "1877"]
[Result "1-0"]
[PlyCount "48"]
[EventDate "2015.01.15"]

1. e4 d6 2. d4 g6 3. Be3 Bg7 4. Nc3 Nf6 5. f3 Nc6 6. Nge2 e5 7. Qd2 O-O 8. d5
Ne7 9. g4 b5 10. Ng3 b4 11. Nce2 c6 12. g5 Ne8 13. dxc6 Nxc6 14. h4 Be6 15. Bh3
Qa5 16. h5 d5 17. hxg6 hxg6 18. Nf5 dxe4 19. Neg3 gxf5 20. Bxf5 Bxf5 21. Nxf5
f6 22. g6 Qc7 23. Qh2 Rf7 24. Qh7+ Kf8 1-0

[Event "C.to Provinciale GE"]
[Site "Genova ITA"]
[Date "2015.02.19"]
[Round "6"]
[White "Cristiani, Emanuele"]
[Black "Milieni, Fabrizio"]
[WhiteElo "1401"]
[BlackElo "1654"]
[Result "1-0"]
[PlyCount "55"]
[EventDate "2015.01.15"]

1. e4 c5 2. Nf3 Nc6 3. Bb5 Nf6 4. d3 Nd4 5. Nxd4 cxd4 6. c3 dxc3 7. Nxc3 e5 8.
O-O Be7 9. Bg5 O-O 10. Rc1 d6 11. Bxf6 gxf6 12. Nd5 Be6 13. Ne3 Kh8 14. f4 Qb6
15. Qe1 exf4 16. Rxf4 Qxb5 17. Nf5 Qd7 18. Qh4 Rg8 19. Rcf1 Rg6 20. R1f3 Rc8
21. Rh3 Rxg2+ 22. Kxg2 Bxf5 23. Rxf5 Rg8+ 24. Kf3 Rg7 25. Rh5 Kg8 26. Rxh7 Kf8
27. Rh8+ Rg8 28. Rxg8+ 1-0

[Event "C.to Provinciale GE"]
[Site "Genova ITA"]
[Date "2015.02.19"]
[Round "6"]
[White "Cutaia, Loris"]
[Black "Nosengo, Piero"]
[WhiteElo "1511"]
[BlackElo "1625"]
[Result "0-1"]
[PlyCount "41"]
[EventDate "2015.01.15"]

1. d4 f5 2. c4 Nf6 3. Nc3 e6 4. Nf3 d6 5. Bg5 Be7 6. h3 O-O 7. e3 Ne4 8. Bf4 g5
9. Bh2 g4 10. hxg4 Nxf2 11. Kxf2 fxg4 12. Qd3 gxf3 13. gxf3 Bh4+ 14. Ke2 Rf7
15. Bh3 Qf6 16. Rag1+ Kf8 17. Qe4 Bd7 18. Rg4 d5 19. Rhg1 dxe4 20. Rg8+ Ke7 21.
Nd5+ 0-1

[Event "C.to Provinciale GE"]
[Site "Genova ITA"]
[Date "2015.02.19"]
[Round "6"]
[White "Dordoni, Riccardo"]
[Black "Saiano, Franco"]
[WhiteElo "1574"]
[BlackElo "1729"]
[Result "0-1"]
[PlyCount "82"]
[EventDate "2015.01.15"]

1. e4 e5 2. Bc4 Nf6 3. Nc3 Bc5 4. f4 d6 5. Nf3 O-O 6. d3 a6 7. fxe5 dxe5 8. Bg5
Qd6 9. Qe2 b5 10. Bb3 Nc6 11. Nd5 Nxd5 12. Bxd5 Bd7 13. O-O-O Rab8 14. Be3 Nd4
15. Bxd4 Bxd4 16. Rhf1 Be6 17. Bxe6 Qxe6 18. Kb1 Qe7 19. h4 b4 20. Ng5 a5 21.
Qh5 h6 22. Nf3 a4 23. Nd2 b3 24. cxb3 axb3 25. Nxb3 c5 26. g4 Rb6 27. g5 Be3
28. Rf3 Bf4 29. Rh1 Ra8 30. Rxf4 exf4 31. gxh6 Rxh6 32. Qxc5 Qe6 33. Qg5 Qa6
34. Nc1 Qd6 35. Rf1 Rc8 36. Qxf4 Qc6 37. Qxf7+ Kh8 38. Qf2 Rf6 39. Nb3 Rxf2 40.
Rxf2 Qb6 41. Re2 Qg1+ 0-1

[Event "C.to Provinciale GE"]
[Site "Genova ITA"]
[Date "2015.02.19"]
[Round "6"]
[White "Mereta, Carlo"]
[Black "Bertone, Carmelo"]
[WhiteElo "1593"]
[BlackElo "1492"]
[Result "1-0"]
[PlyCount "65"]
[EventDate "2015.01.15"]

1. e4 e5 2. Nf3 Nc6 3. d4 exd4 4. Nxd4 Bc5 5. Nxc6 bxc6 6. Nc3 d6 7. Na4 Bb6 8.
Nxb6 axb6 9. Qf3 Ne7 10. Bg5 O-O 11. O-O-O f6 12. Be3 b5 13. Qg3 Ng6 14. f4 f5
15. e5 d5 16. Bc5 Re8 17. Kb1 Nf8 18. Bd3 Be6 19. Qh3 Nd7 20. Be3 Rf8 21. g4 d4
22. Bxd4 Bxa2+ 23. Kc1 Be6 24. Kd2 Nb6 25. Bxb6 cxb6 26. Ke3 Qe7 27. Ke2 Bc4
28. Bxc4+ bxc4 29. gxf5 Rad8 30. Rxd8 Qxd8 31. Rg1 Qd4 32. Qg2 Qd5 33. Qxg7#
1-0

[Event "C.to Provinciale GE"]
[Site "Genova ITA"]
[Date "2015.02.19"]
[Round "6"]
[White "Pioli, Franco"]
[Black "Scarpati, Francesco"]
[WhiteElo "1589"]
[BlackElo "1606"]
[Result "0-1"]
[PlyCount "98"]
[EventDate "2015.01.15"]

1. d4 d5 2. c4 c6 3. Nc3 Nf6 4. cxd5 cxd5 5. Bf4 Nc6 6. Nf3 Bf5 7. h3 e6 8. Nh4
Bb4 9. Nxf5 exf5 10. e3 Ne4 11. Rc1 Qa5 12. Qb3 O-O 13. Bd3 Rac8 14. Bxe4 fxe4
15. O-O Bxc3 16. bxc3 b6 17. a3 Rfe8 18. c4 Ne7 19. cxd5 Nxd5 20. Bd6 Rc3 21.
Rxc3 Nxc3 22. Kh2 Qd5 23. Qxd5 Nxd5 24. Rc1 Rd8 25. Bb4 f5 26. h4 h5 27. Rc6
Kf7 28. Rd6 Rxd6 29. Bxd6 Ke6 30. Bb4 Kd7 31. Bd2 Kc6 32. f3 Kb5 33. fxe4 fxe4
34. Kh3 Nf6 35. Kg3 Nd5 36. Kh3 g6 37. g4 Kc4 38. gxh5 gxh5 39. Kg3 Nf6 40. Kf4
Kd3 41. Kf5 Nd5 42. Bc1 b5 43. Ke5 Nc3 44. d5 Nxd5 45. Kxd5 a5 46. Bd2 Kxd2 47.
Kxe4 b4 48. axb4 axb4 49. Kd4 b3 0-1

[Event "C.to Provinciale GE"]
[Site "Genova ITA"]
[Date "2015.02.19"]
[Round "6"]
[White "Rivara, Massimo"]
[Black "Cirabisi, Federico"]
[WhiteElo "1760"]
[BlackElo "2035"]
[Result "1/2-1/2"]
[PlyCount "127"]
[EventDate "2015.01.15"]

1. e4 d5 2. exd5 Nf6 3. Bb5+ c6 4. dxc6 bxc6 5. Bc4 e5 6. Qe2 Bd6 7. d3 Nbd7 8.
Nf3 O-O 9. O-O Qc7 10. Nc3 Nb6 11. Bb3 a5 12. a4 Bg4 13. Bg5 Nfd5 14. Ne4 Rae8
15. Bd2 Kh8 16. Bxa5 f5 17. Ng3 Bxf3 18. Qxf3 e4 19. dxe4 fxe4 20. Qg4 Rf4 21.
Qd1 Bc5 22. Ne2 Rf5 23. Nd4 Rg5 24. h4 Rxg2+ 25. Kxg2 Nf4+ 26. Kg1 Bxd4 27. Qg4
h5 28. Qf5 g6 29. Qf7 Ne2+ 30. Kg2 Qc8 31. Rh1 Rf8 32. Be6 Rxf7 33. Bxc8 Rxf2+
34. Kh3 Rf3+ 35. Kh2 Nxc8 36. Bc7 Rf2+ 37. Kh3 Ne7 38. Rhf1 e3 39. Rxf2 exf2
40. c3 Ba7 41. Rf1 Nd5 42. Be5+ Kg8 43. c4 Ng1+ 44. Kg3 Ne3 45. Rxf2 Nf5+ 46.
Kg2 Nxh4+ 47. Kf1 Ngf3 48. Re2 Nf5 49. Bc7 Ne3+ 50. Kf2 Nd4 51. Rxe3 Nc2 52.
Bf4 Kg7 53. Kf3 Nxe3 54. Bxe3 c5 55. b4 Kf6 56. b5 Bb6 57. a5 Bxa5 58. Bxc5 g5
59. Be3 g4+ 60. Kg3 Be1+ 61. Kg2 h4 62. Bf4 h3+ 63. Kh2 Bf2 64. Bg3 1/2-1/2

[Event "C.to Provinciale GE"]
[Site "Genova ITA"]
[Date "2015.02.19"]
[Round "6"]
[White "Serapiglia, Roberto"]
[Black "Baggiani, Fabio"]
[WhiteElo "1897"]
[BlackElo "1782"]
[Result "1-0"]
[PlyCount "57"]
[EventDate "2015.01.15"]

1. e4 d6 2. d4 Nf6 3. Nc3 Nbd7 4. g4 h6 5. h3 e5 6. Nge2 c6 7. a4 d5 8. Bg2 Bb4
9. O-O Qa5 10. exd5 cxd5 11. dxe5 Nxe5 12. Nxd5 Nxd5 13. Qxd5 Qxd5 14. Bxd5 h5
15. c3 Be7 16. f4 Nc6 17. Bf3 hxg4 18. hxg4 Be6 19. Be3 Bb3 20. Nd4 Nxd4 21.
Bxd4 f6 22. Bxb7 Rb8 23. Bc6+ Kf7 24. Bxa7 Rbc8 25. Bf3 Bd6 26. Be3 Rce8 27.
Bd2 Rh3 28. Kg2 Bc4 29. Kxh3 1-0

[Event "C.to Provinciale GE"]
[Site "Genova ITA"]
[Date "2015.02.19"]
[Round "6"]
[White "Tripi, Nicolo'"]
[Black "Traverso, Massimiliano"]
[WhiteElo "1871"]
[BlackElo "1953"]
[Result "1/2-1/2"]
[PlyCount "74"]
[EventDate "2015.01.15"]

1. e4 c5 2. Nf3 Nc6 3. d4 cxd4 4. Nxd4 Nf6 5. Nc3 e5 6. Ndb5 d6 7. Bg5 a6 8.
Na3 b5 9. Nd5 Be7 10. Bxf6 Bxf6 11. c3 Bg5 12. g3 O-O 13. h4 Bh6 14. Bg2 Ne7
15. Nc2 Nxd5 16. Qxd5 Be6 17. Qd3 Qb6 18. Nb4 Bc4 19. Qd1 Qc5 20. Nd5 Bxd5 21.
Qxd5 Qxd5 22. exd5 Rab8 23. O-O b4 24. Rfb1 Rfc8 25. a3 bxc3 26. bxc3 Bd2 27.
Bh3 Rd8 28. c4 Bc3 29. Rxb8 Rxb8 30. Rc1 Bd4 31. Bf5 g6 32. Rb1 Rb2 33. Rxb2
Bxb2 34. Bc8 Bxa3 35. Bxa6 f5 36. Kg2 Kg7 37. Bc8 Bc5 1/2-1/2